Wiedza ogólna - geografia #6 - Statystyki

Ogólne statystyki
  • Ten quiz został rozwiązany 58 razy
  • Średni wynik to 2 z 5
Statystyki odpowiedzi
Opis Odpowiedź % Poprawnych
Jedyny kontynent stale nie zamieszkany przez żadnego człowieka Antarktyda
100%
Polski park narodowy, którego symbolem jest nietoperz Ojcowski
46%
Prefektura japońska, od której nazwy wzięła się nazwa odmiany dynii Hokkaido
18%
Miasto przysłowiowej "gorączki złota" Klondike
6%
Państwo posiadające najdłuższy hymn na świecie Urugwaj
6%
Nie znaleziono quizów pasujących do podanych kryteriów
Rozkład punktacji
Procent ludzi z każdym wynikiem
Percentyl według liczby udzielonych odpowiedzi
Twoja historia wyników
Nie rozwiązałeś tego quizu